| 000 | 00478pab a2200181 454500 | ||
|---|---|---|---|
| 008 | 180718b2001 xxu||||| |||| 00| 0 eng d | ||
| 100 | _aLavely, William | ||
| 245 | _aSex preference for children in a Meifu Li community in Hainan, China | ||
| 260 | _c2001 | ||
| 300 | _ap.319-29 | ||
| 362 | _aNov | ||
| 650 | _aSexual behaviour - China | ||
| 650 | _aSexual behaviour | ||
| 700 | _aLi, Jianghong | ||
| 700 | _aLi, Jianke | ||
| 773 | _aPopulation Studies | ||
| 909 | _a50878 | ||
| 999 |
_c50878 _d50878 |
||